|
|
|
|
| LEADER |
00000nam0a2200000 4500 |
| 001 |
372941 |
| 005 |
20231102012524.0 |
| 035 |
|
|
|a (RuTPU)RU\TPU\retro\30366
|
| 035 |
|
|
|a RU\TPU\book\137747
|
| 090 |
|
|
|a 372941
|
| 100 |
|
|
|a 20221215d1960 k y0rusy50 ca
|
| 101 |
1 |
|
|a rus
|c eng
|
| 102 |
|
|
|a RU
|
| 105 |
|
|
|a a z 001zy
|
| 200 |
1 |
|
|a [Доклады]
|f Международная федерация по автоматическому управлению
|
| 210 |
|
|
|a Москва
|c Изд-во АН СССР
|d 1960
|
| 215 |
|
|
|a [183] с.
|c ил.
|
| 300 |
|
|
|a Раздельная пагинация страниц
|
| 320 |
|
|
|a Библиогр. в конце докл.
|
| 606 |
1 |
|
|a Автоматическое управление
|2 stltpush
|3 (RuTPU)RU\TPU\subj\943
|9 29748
|
| 610 |
1 |
|
|a цветная металлургия
|
| 610 |
1 |
|
|a печи
|
| 610 |
1 |
|
|a печи кипящего слоя
|
| 610 |
1 |
|
|a аппараты
|
| 610 |
1 |
|
|a промышленные установки
|
| 610 |
1 |
|
|a сахарная промышленность
|
| 610 |
1 |
|
|a сахарные заводы
|
| 610 |
1 |
|
|a сахарные производства
|
| 610 |
1 |
|
|a газовые печи
|
| 610 |
1 |
|
|a дискретные системы
|
| 610 |
1 |
|
|a блок-схемы
|
| 610 |
1 |
|
|a телефонная связь
|
| 610 |
1 |
|
|a котельные агрегаты
|
| 610 |
1 |
|
|a цифровые автоматические системы
|
| 610 |
1 |
|
|a теория
|
| 610 |
1 |
|
|a нелинейные импульсные системы
|
| 610 |
1 |
|
|a операционные усилители
|
| 610 |
1 |
|
|a станки
|
| 610 |
1 |
|
|a вычислительные машины
|
| 610 |
1 |
|
|a жидкости
|
| 610 |
1 |
|
|a металлургическая промышленность
|
| 610 |
1 |
|
|a загрузка
|
| 610 |
1 |
|
|a шахтные печи
|
| 610 |
1 |
|
|a доменные печи
|
| 610 |
1 |
|
|a автоматизация
|
| 675 |
|
|
|a 681.51
|v 3
|
| 712 |
0 |
2 |
|a Международная федерация по автоматическому управлению
|2 stltpush
|3 (RuTPU)RU\TPU\col\8787
|9 24587
|
| 712 |
1 |
2 |
|a Конгресс по автоматическому управлению
|c международный конгресс
|d 1
|e Москва
|f 1960
|4 570
|
| 801 |
|
1 |
|a RU
|b 63413507
|c 20071213
|g PSBO
|
| 801 |
|
2 |
|a RU
|b 63413507
|c 20221215
|g PSBO
|
| 942 |
|
|
|c BK
|